| 000 | 00842nam a2200241Ia 4500 | ||
|---|---|---|---|
| 001 | Z_6449 | ||
| 008 | 220601s9999 xx 000 0 und d | ||
| 020 | _a978-1-845933548 (papel alcalino) | ||
| 082 | _a636.085 M38 | ||
| 245 | _aMathematical modelling in animal nutrition / edisión James France y Ermias Kebreab | ||
| 260 | _aInglaterra : CABI | ||
| 300 | _axiii, 574 p. | ||
| 503 | _aej.1: 264703 \ ej.2: 264704 \ ej.3: 264705 | ||
| 504 | _aIncluye bibliografía e índice | ||
| 650 | _a1. Nutrición animal -- Modelos matemáticos | ||
| 650 | _aAlimentos para animales -- Formulación de raciones -- Métodos | ||
| 700 |
_aFrance, James, ed. \ Kebreab, Ermias, ed.Ì _9183739 |
||
| 901 | _a636.085 M38 | ||
| 902 | _aM | ||
| 905 | _a523227 2008 enkmn 8221113311eng16 | ||
| 942 | _c1 | ||
| 999 |
_c217137 _d217137 |
||